[Event "ICS rated blitz match"]
[Site "204.178.125.65"]
[Date "1999.10.10"]
[Round "?"]
[White "GeorgeVidan"]
[Black "Hossa"]
[Result "0-1"]
[WhiteElo "2270"]
[BlackElo "2533"]
[Annotator "Hiarcs 7.32 (22s)"]
[PlyCount "50"]
[EventDate "1999.??.??"]

1. d4 1... Nf6 {Opening = A45 - 1.d4 Nf6 2.---} 2. a3 (2. b3 d5 3. f3 c5 4. e3
Nc6 5. Bb2 Qc7 6. Bd3 a6 7. Ne2 e5 8. Nd2 Bd6 9. c3 exd4 10. cxd4 cxd4 11. Nxd4
Bxh2 12. Nxc6 bxc6 13. Bxf6 Qg3+ 14. Kf1 gxf6 15. Qe2 Rg8 16. Qf2 16... Qd6 {
Radonich,L-Frank,J/Balatonbereny 1993/EXT 93op/0-1 (38)}) (2. e4 Nxe4 3. Bd3
Nf6 4. Nf3 d6 (4... d5 5. c3 e6 6. Bg5 c5 7. Bb5+ Bd7 8. Qa4 Bxb5 9. Qxb5+ Qd7
10. Na3 a6 11. Qb6 Qc6 12. dxc5 Bxc5 13. Qxc6+ Nxc6 14. Bxf6 gxf6 15. Nc2 Ne5
16. Nxe5 fxe5 17. b4 Bd6 18. O-O Rc8 19. a3 {
Arafat,A-Sammut Briffa,P/Dubai olm 1986/TD 86\02/0-1 (61)}) 5. c3 Bg4 6. Bg5
Nbd7 7. Nbd2 e5 8. Bxf6 Nxf6 9. dxe5 dxe5 10. Bc4 Bd6 11. Qb3 O-O 12. Ng5 Bh5
13. f3 b6 14. h4 h6 15. O-O-O Qe7 16. Qc2 16... Kh8 {
Arafat,A-Ferreira,R/Luzern olm 1982/BIG 80/0-1 (35)}) 2... d5 3. Nf3 Bg4 4.
Nbd2 Nbd7 5. h3 Bxf3 6. Nxf3 e6 7. e3 Bd6 8. c4 O-O 9. cxd5 exd5 10. Ng5 c5 11.
dxc5 Nxc5 12. Bd2 Rc8 13. Bc3 Nfe4 14. Nxe4 Nxe4 15. Bd4 Bc5 16. Be2 Bxd4 17.
exd4 Qh4 18. O-O Rfe8 19. Bf3 Rc4 20. Rc1 Rxc1 21. Qxc1 g6 22. Qc7 Nxf2 23.
Rxf2 Re1+ 24. Rf1 Qxd4+ 25. Kh2 Rxf1 (25... Rxf1 26. b4 Qg1+ 27. Kg3 Qf2+ 28.
Kg4 28... Re1 $19) 0-1

[Event "ICS rated blitz match"]
[Site "204.178.125.65"]
[Date "1999.10.16"]
[Round "?"]
[White "GeorgeVidan"]
[Black "Hossa"]
[Result "0-1"]
[WhiteElo "2196"]
[BlackElo "2432"]
[PlyCount "66"]
[EventDate "1999.??.??"]

1. a3 d5 2. h3 e5 3. b3 Nc6 4. g3 Bc5 5. Bg2 Nge7 6. Bb2 O-O 7. e3 Re8 8. d3 d4
9. e4 f5 10. Nd2 fxe4 11. Nxe4 Bb6 12. Bc1 Rf8 13. Nf3 a5 14. O-O Bd7 15. Nfg5
h6 16. Qh5 Be8 17. Qh4 Nf5 18. Qg4 hxg5 19. Nxg5 Qd6 20. Be4 g6 21. h4 Bd7 22.
Qe2 Ng7 23. Kg2 a4 24. b4 Rf6 25. Bd2 Raf8 26. f4 Nf5 27. h5 gxh5 28. Qxh5 Rh6
29. Qe2 Ne3+ 30. Bxe3 dxe3 31. c3 exf4 32. gxf4 Rxf4 33. Rxf4 33... Qxf4 {
GeorgeVidan resigns} 0-1

[Event "ICS rated blitz match"]
[Site "204.178.125.65"]
[Date "1999.09.20"]
[Round "?"]
[White "Gilles"]
[Black "Hossa"]
[Result "0-1"]
[WhiteElo "2170"]
[BlackElo "2395"]
[PlyCount "36"]
[EventDate "1999.??.??"]

1. e4 c5 2. c3 e6 3. d4 d5 4. e5 Nc6 5. Nf3 cxd4 6. cxd4 Bb4+ 7. Nc3 Nge7 8.
Bd3 Bd7 9. O-O Rc8 10. a3 Bxc3 11. bxc3 h6 12. g4 O-O 13. g5 h5 14. g6 fxg6 15.
Bg5 Qa5 16. Qc2 Rxf3 17. Bxe7 Nxe7 18. Kg2 18... Rxc3 {Gilles resigns} 0-1

[Event "ICS rated blitz match"]
[Site "204.178.125.65"]
[Date "1999.09.20"]
[Round "?"]
[White "Gilles"]
[Black "Hossa"]
[Result "0-1"]
[WhiteElo "2296"]
[BlackElo "2402"]
[PlyCount "88"]
[EventDate "1999.??.??"]

1. e4 c5 2. c3 e6 3. d4 d5 4. e5 Nc6 5. Nf3 cxd4 6. cxd4 Bb4+ 7. Nc3 Nge7 8.
Bd3 Bd7 9. O-O Rc8 10. a3 Bxc3 11. bxc3 h6 12. g4 O-O 13. g5 h5 14. g6 fxg6 15.
Nh4 Be8 16. Bg5 Qa5 17. Qd2 Bf7 18. Rfc1 Rc7 19. f4 Nxd4 20. Bxe7 Rxe7 21. Qe3
Nb3 22. Bxg6 Nxa1 23. Rxa1 Rc7 24. Rc1 Qxa3 25. Qd2 d4 26. c4 Qh3 27. Qf2 Qg4+
28. Qg3 Qxg3+ 29. hxg3 Bxg6 30. Nxg6 Rfc8 31. Ra1 d3 32. Kf2 Rd8 33. Ke1 d2+
34. Kd1 Rxc4 35. Nh4 Rc3 36. f5 Re3 37. Kc2 Rxe5 38. fxe6 d1=Q+ 39. Rxd1 Rc5+
40. Kb3 Rxd1 41. Ng6 Rb1+ 42. Ka2 Rb6 43. Ne7+ Kh7 44. Nc6 44... bxc6 {
Gilles resigns} 0-1

[Event "ICS rated blitz match"]
[Site "204.178.125.65"]
[Date "1999.09.20"]
[Round "?"]
[White "Gilles"]
[Black "Hossa"]
[Result "0-1"]
[WhiteElo "2126"]
[BlackElo "2417"]
[PlyCount "102"]
[EventDate "1999.??.??"]

1. e4 c5 2. c3 e6 3. d4 d5 4. e5 Nc6 5. Nf3 cxd4 6. cxd4 Bb4+ 7. Nc3 Nge7 8.
Bd3 Bd7 9. O-O Rc8 10. a3 Bxc3 11. bxc3 h6 12. Bd2 O-O 13. Rb1 b6 14. Bc2 Na5
15. Qe2 Nc4 16. Qd3 Ng6 17. Ra1 Bb5 18. a4 Nxd2 19. axb5 Nxf1 20. Kxf1 Qc7 21.
Ra3 Qc4 22. Qxc4 Rxc4 23. Bd3 Rc7 24. Bxg6 fxg6 25. Ke2 g5 26. h3 Kf7 27. Nd2
Kg6 28. f3 Rfc8 29. Kd3 Kf5 30. g3 h5 31. Nf1 Rd7 32. Ne3+ Kg6 33. Rb3 Rf7 34.
Ke2 h4 35. gxh4 gxh4 36. Ng4 Rcf8 37. c4 dxc4 38. Rc3 Rc7 39. Ne3 Rf4 40. Nc2
Rc8 41. Ke3 Kg5 42. Nb4 Rcf8 43. Ke2 Rxd4 44. Nc6 Rdf4 45. Nxa7 Rd8 46. Nc6 Rd5
47. Ke3 Rxb5 48. Nd4 Rxe5+ 49. Kf2 Rxd4 50. Ra3 Rd2+ 51. Kf1 51... Kf4 {
Gilles resigns} 0-1

[Event "ICS rated blitz match"]
[Site "204.178.125.65"]
[Date "1999.10.04"]
[Round "?"]
[White "GreatPatzer"]
[Black "Hossa"]
[Result "0-1"]
[WhiteElo "2237"]
[BlackElo "2371"]
[PlyCount "54"]
[EventDate "1999.??.??"]

1. d4 Nf6 2. c4 c5 3. d5 b5 4. Nf3 bxc4 5. Nc3 Ba6 6. e4 d6 7. e5 Nfd7 8. e6
fxe6 9. dxe6 Nb6 10. Ng5 Qc8 11. Qf3 Nc6 12. Qf7+ Kd8 13. Bf4 Nd4 14. O-O-O Kc7
15. Nce4 Kc6 16. g3 h6 17. Bg2 d5 18. Nxc5 Ne2+ 19. Kb1 Kxc5 20. Be3+ Kb4 21.
Nf3 c3 22. Nd4 cxb2 23. Nc2+ Ka4 24. Rd4+ Nxd4 25. Nxd4 Bd3+ 26. Kxb2 Nc4+ 27.
Ka1 27... Nxe3 {GreatPatzer resigns} 0-1

[Event "ICS rated blitz match"]
[Site "204.178.125.65"]
[Date "1999.09.13"]
[Round "?"]
[White "Greb"]
[Black "Hossa"]
[Result "0-1"]
[WhiteElo "2036"]
[BlackElo "2413"]
[PlyCount "86"]
[EventDate "1999.??.??"]

1. d4 d5 2. Nf3 Bf5 3. Bf4 e6 4. e3 Nd7 5. Bd3 Bb4+ 6. c3 Bxd3 7. Qxd3 Bd6 8.
a4 Bxf4 9. exf4 Ngf6 10. f5 O-O 11. fxe6 fxe6 12. O-O c5 13. Nbd2 cxd4 14. Nxd4
Qe7 15. Rae1 e5 16. Nf5 Qe6 17. Qh3 Ne8 18. Nf3 Qxf5 19. Qg3 Nd6 20. Nh4 Qh5
21. f4 e4 22. Qh3 Nc5 23. g4 Qf7 24. f5 Nxa4 25. g5 Nxb2 26. g6 hxg6 27. Nxg6
Qf6 28. Rf4 Nd3 29. Ref1 Nxf4 30. Rxf4 Rfc8 31. Rg4 Nb5 32. Qh8+ Kf7 33. Qh5
Rxc3 34. Nf4+ Kg8 35. Nxd5 Qd4+ 36. Kg2 Rc2+ 37. Kh3 Qd3+ 38. Rg3 Qf1+ 39. Kh4
Rxh2+ 40. Kg5 Rxh5+ 41. Kxh5 Qxf5+ 42. Rg5 Qh3+ 43. Kg6 43... Qh7# {
Greb checkmated} 0-1

[Event "ICS rated blitz match"]
[Site "204.178.125.65"]
[Date "1999.09.12"]
[Round "?"]
[White "Gregorio"]
[Black "Hossa"]
[Result "1-0"]
[WhiteElo "2734"]
[BlackElo "2457"]
[PlyCount "76"]
[EventDate "1999.??.??"]

1. d4 Nf6 2. c4 e6 3. Nc3 d5 4. Bg5 Be7 5. e3 O-O 6. Nf3 Nc6 7. Rc1 Rb8 8. Be2
dxc4 9. Bxc4 Ng4 10. Bxe7 Qxe7 11. O-O e5 12. d5 Na5 13. Be2 e4 14. Nd2 Ne5 15.
Ndxe4 Qb4 16. Qd4 Qxd4 17. exd4 Ng6 18. b4 f5 19. Ng5 h6 20. Nf3 b5 21. bxa5 b4
22. Na4 Re8 23. Rfe1 Nf4 24. Bc4 Rxe1+ 25. Rxe1 Kf8 26. Ne5 Ra8 27. g3 Nh3+ 28.
Kg2 Ng5 29. d6 Bb7+ 30. Kf1 Ne4 31. Ng6+ Ke8 32. Nc5 cxd6 33. Nxb7 Kd7 34. Ba6
h5 35. d5 Kc7 36. f3 Nc5 37. Re7+ Nd7 38. Nf4 38... Rc8 {Hossa resigns} 1-0

[Event "ICS rated blitz match"]
[Site "204.178.125.65"]
[Date "1999.09.11"]
[Round "?"]
[White "Gregorio"]
[Black "Hossa"]
[Result "1-0"]
[WhiteElo "2596"]
[BlackElo "2490"]
[PlyCount "45"]
[EventDate "1999.??.??"]

1. e4 g6 2. d4 h6 3. Bf4 Nf6 4. Nc3 Bg7 5. e5 Nh5 6. Bd2 c5 7. g4 cxd4 8. Nb5
a6 9. Na3 d6 10. gxh5 dxe5 11. hxg6 fxg6 12. Qf3 Rf8 13. Qb3 e6 14. Qg3 Kf7 15.
Bd3 g5 16. h4 Qb6 17. hxg5 hxg5 18. Qxg5 Kg8 19. Rh8+ Kxh8 20. Qh5+ Kg8 21.
Bh7+ Kh8 22. Bg6+ Kg8 23. Qh7# {Hossa checkmated} 1-0

[Event "ICS rated blitz match"]
[Site "204.178.125.65"]
[Date "1999.09.12"]
[Round "?"]
[White "Gregorio"]
[Black "Hossa"]
[Result "1-0"]
[WhiteElo "2698"]
[BlackElo "2465"]
[PlyCount "102"]
[EventDate "1999.??.??"]

1. e4 c5 2. Nf3 e6 3. d4 cxd4 4. Nxd4 Nc6 5. Nc3 Bb4 6. Ndb5 Nge7 7. Nd6+ Bxd6
8. Qxd6 O-O 9. Bb5 a6 10. Bd3 e5 11. O-O b5 12. f4 exf4 13. Bxf4 Re8 14. Rad1
Ng6 15. Bg3 Ra7 16. Bf2 Rb7 17. Nd5 Nge5 18. Bg3 a5 19. Be2 Re6 20. Qc5 d6 21.
Qf2 Qe8 22. Bxb5 Ng4 23. Qf4 Nf6 24. Nxf6+ Rxf6 25. Qg5 Rxf1+ 26. Kxf1 f5 27.
Bxc6 Qxc6 28. Rxd6 Qc4+ 29. Kg1 Rf7 30. Rd8+ Rf8 31. Rxf8+ Kxf8 32. Bd6+ Kf7
33. Qe7+ Kg6 34. Be5 Qg8 35. Bc3 a4 36. Qd6+ Kh5 37. exf5 Bxf5 38. h3 Qe6 39.
Qc5 Kh4 40. b3 Qe4 41. Bd2 g6 42. Kf2 g5 43. g4 Bxg4 44. Qxg5+ Kxh3 45. Qh6+
Bh5 46. Qxh5+ Qh4+ 47. Qxh4+ Kxh4 48. bxa4 h5 49. Kf3 Kh3 50. a5 Kh2 51. a6
51... Kg1 {Hossa resigns} 1-0

[Event "ICS rated blitz match"]
[Site "204.178.125.65"]
[Date "1999.09.07"]
[Round "?"]
[White "Gregorio"]
[Black "Hossa"]
[Result "1-0"]
[WhiteElo "2616"]
[BlackElo "2467"]
[PlyCount "84"]
[EventDate "1999.??.??"]

1. c4 e6 2. Nc3 d5 3. d4 Bb4 4. e3 Ne7 5. Bd2 O-O 6. Nf3 c5 7. a3 cxd4 8. axb4
dxc3 9. Bxc3 f6 10. Qb3 Kh8 11. cxd5 exd5 12. Bd3 Bg4 13. Nd4 Nbc6 14. O-O Ne5
15. Bc2 Qd6 16. b5 Nd7 17. Bb4 Nc5 18. Qa3 b6 19. f3 Bh5 20. Rac1 Rfc8 21. Rfe1
Bg6 22. Bxg6 Nxg6 23. Red1 Nf8 24. Nc6 Nfe6 25. Qa2 Nc7 26. Nd4 Qe5 27. Qa3 a6
28. Bxc5 bxc5 29. b6 cxd4 30. exd4 Qe2 31. b7 Rab8 32. bxc8=N Rxc8 33. Re1 Qd2
34. Qc3 Qxc3 35. Rxc3 h5 36. Re7 Rb8 37. Rcxc7 Rxb2 38. Rxg7 Rb1+ 39. Kf2 Rb2+
40. Kg3 Rb4 41. Rh7+ Kg8 42. Rcg7+ 42... Kf8 {Hossa resigns} 1-0

[Event "ICS rated blitz match"]
[Site "204.178.125.65"]
[Date "1999.10.17"]
[Round "?"]
[White "Gregorio"]
[Black "Hossa"]
[Result "1-0"]
[WhiteElo "2881"]
[BlackElo "2543"]
[PlyCount "117"]
[EventDate "1999.??.??"]

1. c4 Nf6 2. Nf3 e6 3. e3 d5 4. d4 Bd6 5. c5 Be7 6. Bd3 b6 7. cxb6 axb6 8. O-O
Ba6 9. Bxa6 Rxa6 10. Nc3 O-O 11. a4 c5 12. b3 cxd4 13. Nxd4 e5 14. Nf5 Bb4 15.
Bb2 Qd7 16. Qf3 Bxc3 17. Bxc3 Re8 18. Rfd1 Qe6 19. Ng3 Rc8 20. Rac1 Ra7 21.
Bxe5 Rxc1 22. Rxc1 Nbd7 23. Bd4 Ra8 24. Qf5 Qe7 25. Bxf6 Nxf6 26. Nh5 Nxh5 27.
Qxh5 Qd7 28. Rd1 f5 29. Qf3 Rc8 30. g3 Rc5 31. b4 Rc4 32. Rxd5 Qc8 33. Rd6 Kf8
34. Qd5 Rc1+ 35. Kg2 Ke7 36. Rxb6 Rc7 37. a5 Ra7 38. Qd6+ Kf7 39. Rb8 Rd7 40.
Rxc8 Rxd6 41. Rc7+ Kf6 42. b5 Rd5 43. Rb7 Rd3 44. a6 Ra3 45. a7 Ke5 46. b6 Kd6
47. Rc7 f4 48. Rc1 f3+ 49. Kxf3 Ke6 50. Rc6+ Kd5 51. Rc3 Rxc3 52. a8=Q+ Rc6 53.
b7 Rf6+ 54. Kg2 Kc4 55. b8=Q Rb6 56. Qxb6 Kd3 57. Qd5+ Kc2 58. Qbb3+ Kc1 59.
Qdd1# {Hossa checkmated} 1-0

[Event "ICS rated blitz match"]
[Site "204.178.125.65"]
[Date "1999.09.12"]
[Round "?"]
[White "Gregorio"]
[Black "Hossa"]
[Result "1-0"]
[WhiteElo "2733"]
[BlackElo "2541"]
[PlyCount "63"]
[EventDate "1999.??.??"]

1. d4 Nf6 2. c4 g6 3. Nc3 d5 4. cxd5 Nxd5 5. e4 Nxc3 6. bxc3 Bg7 7. Nf3 O-O 8.
Ba3 b6 9. Bc4 Bb7 10. Qe2 c5 11. O-O cxd4 12. cxd4 Nc6 13. Rfd1 Rb8 14. Rac1
Rc8 15. d5 Nb8 16. d6 e5 17. d7 Nxd7 18. Bxf8 Kxf8 19. Qd3 Bh6 20. Rc3 Bc6 21.
Ba6 Kg7 22. Bxc8 Qxc8 23. Qd6 Nc5 24. Qxe5+ Kg8 25. Qe7 Nd7 26. Nd4 Nb8 27. Nf5
Bg5 28. Qxg5 Qf8 29. Rd8 Be8 30. Rxe8 Qxe8 31. Qh6 Qxe4 32. Qg7# {
Hossa checkmated} 1-0

[Event "ICS rated blitz match"]
[Site "204.178.125.65"]
[Date "1999.09.12"]
[Round "?"]
[White "Gregorio"]
[Black "Hossa"]
[Result "1-0"]
[WhiteElo "2687"]
[BlackElo "2450"]
[PlyCount "69"]
[EventDate "1999.??.??"]

1. d4 Nf6 2. c4 g6 3. Nc3 Bg7 4. e4 d6 5. Nf3 O-O 6. Be2 e5 7. O-O c6 8. Be3
Bg4 9. d5 Na6 10. h3 Bh5 11. g4 Nxg4 12. hxg4 Bxg4 13. Qb3 Qd7 14. Rfd1 Bxf3
15. Bxf3 c5 16. Bg2 f5 17. Bh3 Qe7 18. exf5 gxf5 19. Kh2 Rf7 20. Rg1 f4 21. Bd2
Qh4 22. Ne4 Rd8 23. Rg4 Qh6 24. Rh1 Kh8 25. Kg1 Qh5 26. Rg2 b5 27. Be6 bxc4 28.
Qa4 Qe2 29. Ng5 Kg8 30. Bxf7+ Kf8 31. Ne6+ Kxf7 32. Rxg7+ Kf6 33. Rh6+ Kf5 34.
f3 c3 35. Rg5# {Hossa checkmated} 1-0

[Event "ICS rated blitz match"]
[Site "204.178.125.65"]
[Date "1999.09.03"]
[Round "?"]
[White "Gregorio"]
[Black "Hossa"]
[Result "1-0"]
[WhiteElo "2685"]
[BlackElo "2572"]
[PlyCount "76"]
[EventDate "1999.??.??"]

1. d4 f5 2. g3 Nf6 3. Bg2 g6 4. Nh3 d6 5. d5 Bg7 6. Nc3 Nbd7 7. O-O Nc5 8. Bg5
Nfe4 9. Nxe4 fxe4 10. c3 O-O 11. Be3 Bxh3 12. Bxh3 Nd7 13. Be6+ Kh8 14. Qc2 c6
15. dxc6 bxc6 16. Qxe4 Ne5 17. c4 Rf6 18. Bh3 Rf7 19. Rad1 Rf8 20. f4 Nf7 21.
f5 g5 22. b3 Qc7 23. Bg2 Rac8 24. h4 d5 25. cxd5 cxd5 26. Rxd5 Qxg3 27. hxg5
Rc3 28. Bf4 Qg4 29. Qxe7 Rc2 30. f6 Rxe2 31. fxg7+ Kxg7 32. Be5+ Kg6 33. Qf6+
Kh5 34. Bg3 Rxg2+ 35. Kxg2 Qe4+ 36. Qf3+ Qxf3+ 37. Rxf3 Rd8 38. Rxd8 38... Nxd8
{Hossa resigns} 1-0

[Event "ICS rated blitz match"]
[Site "204.178.125.65"]
[Date "1999.08.28"]
[Round "?"]
[White "Gregorio"]
[Black "Hossa"]
[Result "1-0"]
[WhiteElo "2297"]
[BlackElo "2481"]
[PlyCount "76"]
[EventDate "1999.??.??"]

1. d4 d5 2. c4 dxc4 3. Nf3 c5 4. d5 Nf6 5. Nc3 Nbd7 6. Qa4 a6 7. e4 b5 8. Nxb5
Nxe4 9. Nc3 Nxc3 10. bxc3 g6 11. Bxc4 Bg7 12. Bd2 O-O 13. Qc6 Rb8 14. Bxa6 Nb6
15. Bxc8 Rxc8 16. Qb5 Nxd5 17. Qc4 Qd6 18. O-O Rfd8 19. a4 Rb8 20. Rfb1 e5 21.
Rxb8 Rxb8 22. Ng5 Qb6 23. Be1 Qb7 24. a5 Nf4 25. Ne4 Rd8 26. a6 Qb2 27. Qa4 c4
28. Rd1 Rxd1 29. Qxd1 Nd3 30. Nc5 Qb5 31. a7 Qc6 32. Qf3 Qxf3 33. gxf3 Nxc5 34.
a8=Q+ Bf8 35. Bd2 Ne6 36. Bh6 f6 37. Bxf8 Nxf8 38. Qd5+ 38... Kg7 {
Hossa resigns} 1-0

[Event "ICS rated blitz match"]
[Site "204.178.125.65"]
[Date "1999.09.25"]
[Round "?"]
[White "Gruff"]
[Black "Hossa"]
[Result "0-1"]
[WhiteElo "2189"]
[BlackElo "2462"]
[PlyCount "116"]
[EventDate "1999.??.??"]

1. Nf3 d5 2. g3 c6 3. Bg2 Nf6 4. O-O Bf5 5. d3 e6 6. Nbd2 Be7 7. Qe1 O-O 8. e4
Bg6 9. Nh4 Nbd7 10. e5 Ng4 11. Nxg6 fxg6 12. d4 Nh6 13. c3 c5 14. Nb3 Nf5 15.
g4 Nh4 16. f4 Nxg2 17. Kxg2 Rc8 18. Qe2 Qb6 19. Be3 c4 20. Nc1 Rf7 21. Qc2 Rcf8
22. Ne2 Qc6 23. Rf3 Bd8 24. Kg3 Bb6 25. h4 a5 26. Raf1 Bc7 27. h5 gxh5 28. Rh1
g6 29. gxh5 gxh5 30. Rxh5 Rf5 31. Rh6 Kg7 32. Rh4 Kh8 33. Kf2 Bd8 34. Rh6 Nb6
35. Rfh3 Qd7 36. Ng3 R5f7 37. Ke2 a4 38. f5 Re8 39. f6 Rg8 40. Kf3 a3 41. bxa3
Bc7 42. Nh5 Bd8 43. Bf4 Bc7 44. Ng7 Rgxg7 45. fxg7+ Rxg7 46. Bg5 Kg8 47. Bf6
Qf7 48. Qh2 Nd7 49. Ke2 Nxf6 50. exf6 Bxh2 51. Rxh2 Rg6 52. R6h3 Rxf6 53. Rg2+
Rg6 54. Rf2 Qe7 55. Rhf3 Qxa3 56. Kf1 Qc1+ 57. Ke2 Qc2+ 58. Kf1 58... Qd1# {
Gruff checkmated} 0-1

[Event "ICS rated blitz match"]
[Site "204.178.125.65"]
[Date "1999.09.30"]
[Round "?"]
[White "HERA"]
[Black "Hossa"]
[Result "0-1"]
[WhiteElo "2100"]
[BlackElo "2478"]
[Annotator "Fritz 5.32 (20s)"]
[PlyCount "88"]
[EventDate "1999.??.??"]

1. e4 c6 2. d4 d5 3. Nc3 dxe4 4. Nxe4 Nd7 5. Nf3 Ngf6 6. Nxf6+ exf6 7. Bd3 (7.
g3 Be7 8. Bg2 O-O 9. O-O Nb6 10. b3 Be6 11. c4 Qd7 12. Re1 Rfd8 13. Bb2 Bf8 14.
Qd2 a5 15. Qf4 Bb4 16. Rec1 Bf8 17. h4 a4 18. h5 h6 19. Nh4 Bg4 20. Bf3 Bxf3
21. Qxf3 21... Nc8 {Collas,D-Giffard,N/FRA 1998/CBM 64 ext/0-1 (45)}) 7... Be7
8. O-O O-O 9. c4 $146 (9. Re1 Re8 10. Bf4 Nf8 11. h3 Be6 12. c3 Qd7 13. Bg3
Rad8 14. Qa4 a6 15. Rad1 Qc8 16. a3 Rd5 17. Qc2 Rh5 18. c4 Ng6 19. Nh2 Rd8 20.
Be2 Rg5 21. h4 Ra5 22. Qc3 Ra4 23. Nf3 23... Bf8 {
Curdo,J-Dandridge,M/Chicago 1994/EXT 97/1-0 (43)}) 9... c5 10. b3 $11 (10. d5
$5 $14) 10... cxd4 11. Nxd4 Ne5 12. Bf5 $4 $19 {vergibt den Vorteil} (12. Bb2
$11 $142 {ist noch spielbar}) 12... Bc5 13. Bxc8 Bxd4 (13... Rxc8 $6 14. Nf5
$11) (13... Qxc8 $6 14. Nc2 $11) 14. Bxb7 Bxa1 15. Bxa8 15... Qxd1 $1 {
haelt den Vorteil fest} (15... Qxa8 $6 16. Ba3 Bc3 17. Bxf8 Qxf8 18. Qd5 $11)
16. Rxd1 Rxa8 17. Be3 Bc3 18. h3 (18. f4 18... Nc6 $17) 18... f5 19. f4 Nc6 20.
Rd6 Rc8 21. Rd7 a5 22. a3 22... Re8 $17 (22... Rd8 23. Rc7 Nd4 24. Bxd4 Bxd4+
25. Kf1 $19) 23. Kf2 g6 24. Rb7 $19 (24. Rd6 Re6 25. Rd3 25... Bg7 $17) 24...
Nd4 25. b4 (25. Bxd4 Bxd4+ 26. Kf1 26... Re3 $19) 25... Nc2 26. Bc5 Nxa3 27.
bxa5 Be1+ 28. Kf1 Nxc4 29. a6 29... Bg3 {Es droht Matt} 30. Bf2 (30. Re7 Ra8
31. a7 31... Bxf4 $19) 30... Bxf4 (30... Nd2+ $5 {ist genauer} 31. Kg1 Bxf2+
32. Kxf2 Ne4+ 33. Kf3 $19) 31. g3 Bd6 32. a7 f4 (32... h5 {
damit wuerde Schwarz es sich noch erleichtern} 33. Kg2 $19) 33. gxf4 Nd2+ 34.
Kg2 34... Bxf4 $4 $11 {danach kann Schwarz alle Traeume begraben} (34... h5 $19
$142 {mit klarem Vorteil fuer Schwarz}) 35. h4 $2 $17 (35. Bg3 $5 $142 {
und Weiss kann noch kaempfen} 35... Bxg3 36. Kxg3 Re3+ 37. Kf2 $11) 35... h5
$11 (35... Kg7 36. Bd4+ Kf8 37. Bc5+ 37... Kg8 $11) 36. Rd7 36... Ra8 {
Schwarz entwickelt eine toedliche Initiative} 37. Bg3 $4 $19 (37. Bb6 Rxa7 38.
Bxa7 $14) 37... Bxg3 38. Kxg3 Nc4 39. Rb7 (39. Kf4 {
waere gleichermassen fruchtlos} 39... Kg7 $19) 39... Kg7 40. Kf4 Nd6 41. Rd7
Nb5 42. Kg5 (42. Rd5 {aendert nichts am Ausgang der Partie} 42... Nxa7 43. Ra5
43... f6 $19) 42... Rxa7 43. Rd5 (43. Rxa7 {sonst gehen die Lichter sofort aus}
43... Nxa7 44. Kf4 $19) 43... Ra4 {Es droht Matt} 44. Rd4 $5 44... Nxd4 (44...
Nxd4 45. Kf4 45... Ra3 $19) (44... Rxd4 $6 $11) 0-1

[Event "ICS rated blitz match"]
[Site "204.178.125.65"]
[Date "1999.10.01"]
[Round "?"]
[White "HLP"]
[Black "Hossa"]
[Result "0-1"]
[WhiteElo "2250"]
[BlackElo "2395"]
[PlyCount "104"]
[EventDate "1999.??.??"]

1. e4 c6 2. d4 d5 3. e5 Bf5 4. Nf3 e6 5. a3 Nd7 6. Be2 c5 7. c3 cxd4 8. cxd4
Ne7 9. Nc3 Nc6 10. O-O Be7 11. Be3 O-O 12. b4 Rc8 13. Qd2 f6 14. exf6 Nxf6 15.
Rfd1 Ng4 16. Bf4 Bh4 17. Bg3 Bxg3 18. hxg3 Qe8 19. Rf1 Qh5 20. Nh4 a5 21. b5
Ne7 22. f3 Qh6 23. Qxh6 Nxh6 24. Na4 g5 25. Nxf5 Nhxf5 26. Rfd1 Nxg3 27. Bd3
Nef5 28. Bxf5 exf5 29. Nc5 Rf7 30. b6 Rc6 31. Rab1 Ne2+ 32. Kf2 Nc3 33. Rdc1
Nxb1 34. Rxb1 Re7 35. Rb5 Kf7 36. Nd3 Rc2+ 37. Kf1 Rd2 38. Ne5+ Ke6 39. f4 Rxd4
40. Nf3 Rxf4 41. Kg1 g4 42. Nd2 Ra4 43. Rb3 f4 44. Kf2 d4 45. Rd3 Kd5 46. Rb3
Kc5 47. Rb2 Rxa3 48. Nb3+ Kc4 49. Nc1 g3+ 50. Kf1 Ra1 51. Rc2+ Kb4 52. Rc8
52... d3 {HLP resigns} 0-1

[Event "ICS rated blitz match"]
[Site "204.178.125.65"]
[Date "1999.10.01"]
[Round "?"]
[White "HLP"]
[Black "Hossa"]
[Result "0-1"]
[WhiteElo "2273"]
[BlackElo "2340"]
[Annotator "Fritz 5.32 (20s)"]
[PlyCount "54"]
[EventDate "1999.??.??"]

1. e4 c6 2. d4 d5 3. e5 Bf5 4. Nf3 e6 5. a3 Nd7 6. Be2 (6. Nbd2 h6 7. Be2 Ne7
8. Nf1 Bg6 9. c3 c5 10. Ng3 Nc6 11. O-O Be7 12. Be3 O-O 13. Bd3 cxd4 14. cxd4
Nb6 15. Bxg6 fxg6 16. Nd2 Qe8 17. Qc2 a5 18. Ne2 g5 19. Qd3 a4 20. Rac1 20...
Na5 {Short,N-Adams,M/Groningen 1997/CBM 63/ - (54)}) 6... c5 7. c3 $146 (7. O-O
Ne7 8. dxc5 Nxc5 9. Nd4 Bg6 10. f4 Nc6 11. Bb5 Qb6 12. Be3 Nd7 13. Nc3 Nxd4 14.
Bxd4 Bc5 15. Bxd7+ Kxd7 16. Bxc5 Qxc5+ 17. Kh1 Ke7 18. Rc1 Rhd8 19. Ne2 d4 20.
Ng3 Kf8 21. Rf3 21... Rac8 {Tebb,D-Ledger,A/England 1998/CBM 64 ext/0-1 (47)})
7... cxd4 8. cxd4 Ne7 9. O-O Nc6 10. Nc3 Be7 11. Be3 O-O (11... Rc8 12. Rc1 $11
) 12. b4 Rc8 13. Qd2 13... f6 $11 {Deckt g5} (13... Nb6 14. Rfd1 $15) 14. exf6
Nxf6 15. Bd3 $15 (15. Rac1 $5 $11 {ist die kritische Fortsetzung}) 15... Ne4
16. Bxe4 dxe4 17. Ne1 Bd6 (17... Nxb4 18. Nxe4 Nd5 19. Ng3 $15) 18. Rc1 18...
Qh4 {Es droht Matt} 19. g3 {Deckt f4} 19... Qe7 20. Ng2 a5 21. b5 Bxa3 22. bxc6
Bxc1 23. Rxc1 Rxc6 24. Ra1 $17 (24. d5 $5 {ist zu erwaegen} 24... Rcc8 25. Qa2
$11) 24... Qb4 25. Nb1 25... Qb3 $15 (25... Rfc8 26. Qxb4 axb4 27. h3 $19) 26.
Ne1 $17 (26. Qe1 26... b6 $17) 26... Bh3 27. Qxa5 $4 $19 {
fuehrt zu weiterem Ungemach.} (27. Qe2 $17 $142) 27... Qxe3 $3 {
ein feines Opfer} (27... Qxe3 28. Qd2 28... Qb3 $19) 0-1

[Event "ICS rated blitz match"]
[Site "204.178.125.65"]
[Date "1999.09.01"]
[Round "?"]
[White "HOzmen"]
[Black "Hossa"]
[Result "0-1"]
[WhiteElo "2023"]
[BlackElo "2523"]
[PlyCount "90"]
[EventDate "1999.??.??"]

1. d4 f5 2. e3 Nf6 3. f4 d5 4. Nf3 e6 5. Bd3 Bb4+ 6. c3 Bd6 7. O-O O-O 8. Nbd2
c5 9. dxc5 Bxc5 10. Nd4 Nc6 11. N2b3 Bd6 12. Bd2 Ng4 13. h3 Nf6 14. Qe2 Ne4 15.
Bxe4 fxe4 16. c4 Nxd4 17. Nxd4 Bc5 18. Bc3 Bd7 19. Rad1 Rc8 20. cxd5 exd5 21.
a3 Bxa3 22. bxa3 Rxc3 23. Rfe1 Qf6 24. Qb2 Rc7 25. Qb3 Qf7 26. Rc1 Rfc8 27.
Rxc7 Rxc7 28. Qb4 Bf5 29. Qd6 Rc8 30. Rd1 Bd7 31. Ne2 Bb5 32. Nd4 Ba4 33. Rd2
b6 34. Ne2 Bb5 35. Ng3 Bd3 36. Kh2 h6 37. Qe5 b5 38. f5 a5 39. Rf2 b4 40. f6
bxa3 41. fxg7 Qxf2 42. Qe6+ Qf7 43. Qxc8+ Kxg7 44. Qg4+ Kh7 45. Nh5 45... a2 {
HOzmen resigns} 0-1

[Event "ICS rated blitz match"]
[Site "204.178.125.65"]
[Date "1999.09.14"]
[Round "?"]
[White "HaraldLdahl"]
[Black "Hossa"]
[Result "0-1"]
[WhiteElo "2086"]
[BlackElo "2383"]
[PlyCount "100"]
[EventDate "1999.??.??"]

1. e4 e5 2. Nf3 Nf6 3. Nc3 Bb4 4. Nxe5 d6 5. Nf3 Bxc3 6. dxc3 Nxe4 7. Bd3 Nc5
8. O-O O-O 9. Be3 Nxd3 10. cxd3 Bg4 11. h3 Bxf3 12. Qxf3 Nc6 13. Qg3 Re8 14.
Rfe1 Re6 15. Bd2 Qf6 16. Rxe6 fxe6 17. Qg5 Qxg5 18. Bxg5 h6 19. Be3 Ne5 20. Rd1
Rf8 21. Kf1 a5 22. Ke2 b5 23. b3 g5 24. c4 b4 25. d4 Ng6 26. d5 Re8 27. dxe6
Rxe6 28. Kf1 Ne5 29. Rd5 Nc6 30. c5 Ne7 31. Rd1 d5 32. a3 bxa3 33. Ra1 Nf5 34.
Bd2 Rc6 35. Bxa5 Rxc5 36. Rxa3 Rc2 37. Be1 Kf7 38. b4 Ke6 39. Rd3 Ke5 40. Rd2
Rxd2 41. Bxd2 d4 42. Ke2 c6 43. Kd3 Nh4 44. g3 Nf3 45. h4 Nxd2 46. Kxd2 g4 47.
h5 Ke4 48. Ke2 d3+ 49. Kd2 Kd4 50. Kd1 50... Kc3 {HaraldLdahl resigns} 0-1